| 000 | 00455nam a22001577a 4500 | ||
|---|---|---|---|
| 003 | SGT | ||
| 020 | _a9789352703838 | ||
| 082 |
_a618.92 _bP18P |
||
| 100 | _aPARTHASARATHY,A,ed. | ||
| 245 | _aPARTHA'S MANAGEMENT AALGORITHMSIN PEDIATRIC AND ADOLOSCENT PRACTICE | ||
| 260 |
_aNEW DELHI _bJAYPEE. BRO.PUB. _c2018 |
||
| 300 | _a350 | ||
| 650 | _aPEDIATRIC | ||
| 653 | _aPARTHA'S, MANAGEMENT, AALGORITHMSIN, PEDIATRIC, ADOLOSCENT, PRACTICE | ||
| 942 |
_2ddc _cBK |
||
| 999 |
_c34742 _d34742 |
||